[Event "DEM U14w 2023"]
[Site "Willingen GER"]
[Date "2023.05.28"]
[Round "1"]
[White "Ignatova, Gabriela"]
[Black "Bauer, Laura Sophie"]
[Result "0-1"]
[Termination "normal"]
[Board "11"]
[WhiteElo "1146"]
[BlackElo "1627"]
[WhiteClock "00:07:25"]
[BlackClock "00:12:47"]
[PlyCount "82"]
[WhiteFideId "34623698"]
[BlackFideId "16253647"]
[EventCountry "GER"]
[EventRounds "9"]
[EventType "swiss"]
[EventDate "2023.05.27"]

1. e4 {[%clk 01:30:58] [%emt 00:00:02]} 1... c5 {[%clk 01:30:52] [%emt
00:00:08]} 2. c3 {[%clk 01:31:24] [%emt 00:00:05]} 2... Nf6 {[%clk 01:31:14]
[%emt 00:00:07]} 3. e5 {[%clk 01:31:45] [%emt 00:00:09]} 3... Nd5 {[%clk
01:31:34] [%emt 00:00:10]} 4. Nf3 {[%clk 01:32:00] [%emt 00:00:15]} 4... Nc6
{[%clk 01:31:17] [%emt 00:00:47]} 5. d4 {[%clk 01:31:15] [%emt 00:01:15]} 5...
cxd4 {[%clk 01:31:30] [%emt 00:00:17]} 6. cxd4 {[%clk 01:31:29] [%emt
00:00:16]} 6... d6 {[%clk 01:30:57] [%emt 00:01:03]} 7. Bc4 {[%clk 01:29:26]
[%emt 00:02:33]} 7... Nb6 {[%clk 01:26:59] [%emt 00:04:27]} 8. Bd3 {[%clk
01:28:26] [%emt 00:01:30]} 8... Bg4 {[%clk 01:22:08] [%emt 00:05:22]} 9. Be2
{[%clk 01:23:33] [%emt 00:05:23]} 9... dxe5 {[%clk 01:18:09] [%emt 00:04:29]}
10. dxe5 {[%clk 01:15:03] [%emt 00:08:59]} 10... Qxd1+ {[%clk 01:14:15] [%emt
00:04:24]} 11. Bxd1 {[%clk 01:13:49] [%emt 00:01:44]} 11... Rd8 {[%clk
01:13:05] [%emt 00:01:41]} 12. Nc3 {[%clk 01:08:01] [%emt 00:06:19]} 12... Nc4
{[%clk 01:09:11] [%emt 00:04:22]} 13. Bf4 {[%clk 01:01:18] [%emt 00:07:14]}
13... Nxb2 {[%clk 01:06:15] [%emt 00:03:26]} 14. O-O {[%clk 00:59:16] [%emt
00:02:32]} 14... Nd3 {[%clk 01:03:06] [%emt 00:03:40]} 15. Bg3 {[%clk 00:55:49]
[%emt 00:03:56]} 15... e6 {[%clk 01:02:27] [%emt 00:01:09]} 16. Rb1 {[%clk
00:52:36] [%emt 00:03:43]} 16... Bb4 {[%clk 01:01:06] [%emt 00:01:50]} 17. Ne2
{[%clk 00:49:39] [%emt 00:03:27]} 17... O-O {[%clk 00:58:57] [%emt 00:02:39]}
18. Ba4 {[%clk 00:44:57] [%emt 00:05:11]} 18... a6 {[%clk 00:50:25] [%emt
00:09:04]} 19. Nc1 {[%clk 00:42:05] [%emt 00:03:22]} 19... b5 {[%clk 00:46:12]
[%emt 00:04:43]} 20. Nxd3 {[%clk 00:38:25] [%emt 00:04:10]} 20... Rxd3 {[%clk
00:43:17] [%emt 00:03:25]} 21. Rfc1 {[%clk 00:37:55] [%emt 00:00:59]} 21...
Bxf3 {[%clk 00:40:29] [%emt 00:03:19]} 22. gxf3 {[%clk 00:35:43] [%emt
00:02:41]} 22... Nd4 {[%clk 00:39:35] [%emt 00:01:24]} 23. Bd1 {[%clk 00:33:26]
[%emt 00:02:47]} 23... Bd2 {[%clk 00:38:40] [%emt 00:01:25]} 24. Rc7 {[%clk
00:31:04] [%emt 00:02:50]} 24... Nxf3+ {[%clk 00:33:55] [%emt 00:05:17]} 25.
Kf1 {[%clk 00:25:15] [%emt 00:06:20]} 25... Ba5 {[%clk 00:34:10] [%emt
00:00:15]} 26. Ra7 {[%clk 00:25:00] [%emt 00:00:45]} 26... Nd2+ {[%clk
00:34:24] [%emt 00:00:16]} 27. Ke2 {[%clk 00:24:40] [%emt 00:00:49]} 27... Nxb1
{[%clk 00:30:59] [%emt 00:03:55]} 28. Kxd3 {[%clk 00:24:37] [%emt 00:00:33]}
28... Rd8+ {[%clk 00:31:02] [%emt 00:00:27]} 29. Kc2 {[%clk 00:24:00] [%emt
00:01:07]} 29... Na3+ {[%clk 00:29:17] [%emt 00:02:15]} 30. Kb3 {[%clk
00:22:51] [%emt 00:01:39]} 30... Rd3+ {[%clk 00:20:09] [%emt 00:09:35]} 31. Kb2
{[%clk 00:22:12] [%emt 00:01:11]} 31... Nc4+ {[%clk 00:18:34] [%emt 00:02:06]}
32. Kc2 {[%clk 00:21:50] [%emt 00:00:53]} 32... Rd2+ {[%clk 00:17:20] [%emt
00:01:44]} 33. Kc1 {[%clk 00:21:03] [%emt 00:01:18]} 33... h6 {[%clk 00:15:31]
[%emt 00:02:18]} 34. Rxa6 {[%clk 00:18:27] [%emt 00:03:06]} 34... Rxa2 {[%clk
00:14:42] [%emt 00:01:18]} 35. Ra8+ {[%clk 00:17:34] [%emt 00:01:24]} 35... Kh7
{[%clk 00:15:02] [%emt 00:00:08]} 36. Rf8 {[%clk 00:09:10] [%emt 00:08:55]}
36... Bd2+ {[%clk 00:12:56] [%emt 00:02:36]} 37. Kb1 {[%clk 00:09:20] [%emt
00:00:20]} 37... Rb2+ {[%clk 00:13:01] [%emt 00:00:26]} 38. Ka1 {[%clk
00:09:42] [%emt 00:00:08]} 38... Bc3 {[%clk 00:13:07] [%emt 00:00:23]} 39. Bh5
{[%clk 00:09:45] [%emt 00:00:27]} 39... Nd2 {[%clk 00:11:58] [%emt 00:01:39]}
40. Rc8 {[%clk 00:07:47] [%emt 00:02:29]} 40... Rb1+ {[%clk 00:12:22] [%emt
00:00:05]} 41. Ka2 {[%clk 00:07:25] [%emt 00:00:53]} 41... Ra1# {[%clk
00:12:47] [%emt 00:00:05]} 0-1

[Event "DEM U14w 2023"]
[Site "Willingen GER"]
[Date "2023.05.28"]
[Round "1"]
[White "Neumeier, Valentina"]
[Black "Rabe, Elina"]
[Result "1-0"]
[Termination "normal"]
[Board "12"]
[WhiteElo "1549"]
[BlackElo "1066"]
[WhiteClock "00:07:20"]
[BlackClock "00:41:16"]
[PlyCount "71"]
[WhiteFideId "34608222"]
[BlackFideId "34623531"]
[EventCountry "GER"]
[EventRounds "9"]
[EventType "swiss"]
[EventDate "2023.05.27"]

1. e4 {[%clk 01:30:59] [%emt 00:54:50]} 1... c5 {[%clk 01:30:54]} 2. Nc3 {[%clk
01:30:59]} 2... Nc6 {[%clk 01:30:54]} 3. g3 {[%clk 01:30:59]} 3... g6 {[%clk
01:30:54]} 4. Bg2 {[%clk 01:30:59]} 4... Bg7 {[%clk 01:30:54]} 5. d3 {[%clk
01:30:59]} 5... d6 {[%clk 01:30:54]} 6. Be3 {[%clk 01:30:59]} 6... Rb8 {[%clk
01:30:54]} 7. Bc1 {[%clk 01:32:32] [%emt 00:01:03]} 7... Ra8 {[%clk 01:31:56]
[%emt 00:00:29]} 8. Be3 {[%clk 01:32:18] [%emt 00:00:43]} 8... Rb8 {[%clk
01:31:56] [%emt 00:00:30]} 9. Nge2 {[%clk 01:31:36] [%emt 00:01:12]} 9... b5
{[%clk 01:31:04] [%emt 00:01:22]} 10. Qd2 {[%clk 01:31:11] [%emt 00:00:56]}
10... b4 {[%clk 01:28:42] [%emt 00:02:51]} 11. Nd1 {[%clk 01:31:17] [%emt
00:00:25]} 11... e6 {[%clk 01:26:31] [%emt 00:02:41]} 12. O-O {[%clk 01:26:00]
[%emt 00:05:46]} 12... Bd7 {[%clk 01:23:23] [%emt 00:03:38]} 13. f4 {[%clk
01:13:53] [%emt 00:12:37]} 13... Qc8 {[%clk 01:20:44] [%emt 00:03:09]} 14. c3
{[%clk 01:07:07] [%emt 00:07:16]} 14... a5 {[%clk 01:19:46] [%emt 00:01:28]}
15. d4 {[%clk 01:03:56] [%emt 00:03:41]} 15... c4 {[%clk 01:12:55] [%emt
00:07:21]} 16. Nf2 {[%clk 00:59:53] [%emt 00:04:33]} 16... Rb5 {[%clk 01:05:33]
[%emt 00:07:52]} 17. Rac1 {[%clk 00:48:24] [%emt 00:11:59]} 17... d5 {[%clk
00:58:28] [%emt 00:07:36]} 18. Rfe1 {[%clk 00:36:45] [%emt 00:12:08]} 18...
Nge7 {[%clk 00:56:30] [%emt 00:02:28]} 19. b3 {[%clk 00:31:31] [%emt 00:05:44]}
19... O-O {[%clk 00:54:41] [%emt 00:02:18]} 20. bxc4 {[%clk 00:29:39] [%emt
00:02:23]} 20... dxc4 {[%clk 00:54:30] [%emt 00:00:41]} 21. cxb4 {[%clk
00:26:37] [%emt 00:03:32]} 21... axb4 {[%clk 00:52:38] [%emt 00:02:22]} 22.
Rxc4 {[%clk 00:25:41] [%emt 00:01:26]} 22... Rd8 {[%clk 00:49:56] [%emt
00:03:12]} 23. Rec1 {[%clk 00:19:36] [%emt 00:06:36]} 23... Qa6 {[%clk
00:47:30] [%emt 00:02:55]} 24. Nd3 {[%clk 00:18:24] [%emt 00:01:42]} 24... b3
{[%clk 00:45:13] [%emt 00:02:47]} 25. axb3 {[%clk 00:17:57] [%emt 00:00:57]}
25... Rxb3 {[%clk 00:45:33] [%emt 00:00:10]} 26. Nc5 {[%clk 00:18:05] [%emt
00:00:22]} 26... Qb6 {[%clk 00:44:50] [%emt 00:01:13]} 27. Nxb3 {[%clk
00:18:14] [%emt 00:00:21]} 27... Qxb3 {[%clk 00:45:13] [%emt 00:00:07]} 28. Qc3
{[%clk 00:14:57] [%emt 00:03:42]} 28... Qb5 {[%clk 00:43:23] [%emt 00:02:26]}
29. Qa3 {[%clk 00:13:49] [%emt 00:01:38]} 29... Nc8 {[%clk 00:43:13] [%emt
00:00:39]} 30. e5 {[%clk 00:13:17] [%emt 00:01:02]} 30... Bf8 {[%clk 00:43:17]
[%emt 00:00:25]} 31. Qa2 {[%clk 00:12:21] [%emt 00:01:07]} 31... N8e7 {[%clk
00:42:09] [%emt 00:01:57]} 32. Nc3 {[%clk 00:11:50] [%emt 00:01:02]} 32... Qb7
{[%clk 00:42:22] [%emt 00:00:16]} 33. Ne4 {[%clk 00:10:50] [%emt 00:01:31]}
33... Nd5 {[%clk 00:41:15] [%emt 00:01:37]} 34. Nf6+ {[%clk 00:10:20] [%emt
00:01:00]} 34... Nxf6 {[%clk 00:41:26] [%emt 00:00:19]} 35. exf6 {[%clk
00:10:39] [%emt 00:00:11]} 35... Rc8 {[%clk 00:41:16] [%emt 00:00:40]} 36. Qc2
{[%clk 00:07:20] [%emt 00:03:46]} 1-0

[Event "DEM U14w 2023"]
[Site "Willingen GER"]
[Date "2023.05.29"]
[Round "3"]
[White "Trunz, Tamila"]
[Black "Müller, Riyanna"]
[Result "1/2-1/2"]
[Termination "normal"]
[Board "1"]
[WhiteElo "1697"]
[BlackElo "1687"]
[WhiteClock "00:05:15"]
[BlackClock "00:09:27"]
[PlyCount "100"]
[WhiteFideId "16267885"]
[BlackFideId "16287401"]
[EventCountry "GER"]
[EventRounds "9"]
[EventType "swiss"]
[EventDate "2023.05.27"]

1. e4 {[%clk 01:30:59]} {[%emt 00:00:02]} d5 {[%clk 01:30:52]} {[%emt
00:00:09]} 2. exd5 {[%clk 01:31:23]} {[%emt 00:00:06]} Qxd5 {[%clk 01:31:09]}
{[%emt 00:00:13]} 3. Nc3 {[%clk 01:31:48]} {[%emt 00:00:05]} Qd6 {[%clk
01:31:27]} {[%emt 00:00:12]} 4. d4 {[%clk 01:32:10]} {[%emt 00:00:08]} Nf6
{[%clk 01:31:38]} {[%emt 00:00:19]} 5. Nf3 {[%clk 01:31:10]} {[%emt 00:01:30]}
a6 {[%clk 01:31:30]} {[%emt 00:00:38]} 6. Bc4 {[%clk 01:21:24]} {[%emt
00:10:15]} b5 {[%clk 01:31:11]} {[%emt 00:00:50]} 7. Bb3 {[%clk 01:20:31]}
{[%emt 00:01:23]} Bb7 {[%clk 01:30:51]} {[%emt 00:00:50]} 8. Be3 {[%clk
01:12:40]} {[%emt 00:08:21]} e6 {[%clk 01:30:21]} {[%emt 00:01:00]} 9. Qd2
{[%clk 01:10:59]} {[%emt 00:02:11]} Nbd7 {[%clk 01:28:35]} {[%emt 00:02:15]}
10. Bf4 {[%clk 01:02:36]} {[%emt 00:08:53]} Qb6 {[%clk 01:23:15]} {[%emt
00:05:50]} 11. d5 {[%clk 00:57:08]} {[%emt 00:06:00]} c5 {[%clk 01:10:28]}
{[%emt 00:13:16]} 12. dxc6 {[%clk 00:47:12]} {[%emt 00:10:26]} Bxc6 {[%clk
01:10:36]} {[%emt 00:00:21]} 13. Qe2 {[%clk 00:42:54]} {[%emt 00:04:49]} Nc5
{[%clk 01:04:49]} {[%emt 00:06:16]} 14. Rd1 {[%clk 00:38:39]} {[%emt 00:04:46]}
Nxb3 {[%clk 01:00:10]} {[%emt 00:05:08]} 15. axb3 {[%clk 00:38:55]} {[%emt
00:00:14]} Bc5 {[%clk 00:59:04]} {[%emt 00:01:36]} 16. O-O {[%clk 00:36:47]}
{[%emt 00:02:39]} O-O {[%clk 00:58:34]} {[%emt 00:01:00]} 17. Ne5 {[%clk
00:35:23]} {[%emt 00:01:54]} Bb7 {[%clk 00:45:48]} {[%emt 00:13:16]} 18. Bg5
{[%clk 00:35:16]} {[%emt 00:00:36]} Nd5 {[%clk 00:42:38]} {[%emt 00:03:42]} 19.
Nd7 {[%clk 00:32:36]} {[%emt 00:03:09]} Nxc3 {[%clk 00:42:42]} {[%emt
00:00:26]} 20. bxc3 {[%clk 00:32:06]} {[%emt 00:01:00]} Qc6 {[%clk 00:42:17]}
{[%emt 00:00:55]} 21. Qg4 {[%clk 00:32:16]} {[%emt 00:00:19]} f5 {[%clk
00:31:17]} {[%emt 00:11:31]} 22. Qg3 {[%clk 00:31:26]} {[%emt 00:01:19]} f4
{[%clk 00:29:23]} {[%emt 00:02:25]} 23. Qg4 {[%clk 00:26:38]} {[%emt 00:05:18]}
h5 {[%clk 00:28:27]} {[%emt 00:01:25]} 24. Qh3 {[%clk 00:25:59]} {[%emt
00:01:10]} Rf5 {[%clk 00:27:29]} {[%emt 00:01:28]} 25. Nxc5 {[%clk 00:23:00]}
{[%emt 00:03:28]} Qxc5 {[%clk 00:24:14]} {[%emt 00:03:45]} 26. Bd8 {[%clk
00:18:47]} {[%emt 00:04:44]} Bd5 {[%clk 00:19:48]} {[%emt 00:04:46]} 27. Ba5
{[%clk 00:16:37]} {[%emt 00:02:50]} Ra7 {[%clk 00:18:39]} {[%emt 00:01:37]} 28.
Rd4 {[%clk 00:14:06]} {[%emt 00:03:03]} Rg5 {[%clk 00:15:38]} {[%emt 00:03:30]}
29. f3 {[%clk 00:11:05]} {[%emt 00:03:32]} Rf5 {[%clk 00:11:29]} {[%emt
00:04:37]} 30. Kh1 {[%clk 00:10:09]} {[%emt 00:01:27]} Raf7 {[%clk 00:09:28]}
{[%emt 00:02:31]} 31. Rfd1 {[%clk 00:09:39]} {[%emt 00:01:01]} Qa3 {[%clk
00:09:34]} {[%emt 00:00:22]} 32. Bb4 {[%clk 00:07:42]} {[%emt 00:02:29]} Qa2
{[%clk 00:09:17]} {[%emt 00:00:41]} 33. R4d2 {[%clk 00:05:47]} {[%emt
00:02:31]} a5 {[%clk 00:09:17]} {[%emt 00:00:29]} 34. Bc5 {[%clk 00:05:33]}
{[%emt 00:00:44]} a4 {[%clk 00:07:46]} {[%emt 00:02:02]} 35. bxa4 {[%clk
00:04:29]} {[%emt 00:01:34]} bxa4 {[%clk 00:08:10]} {[%emt 00:00:06]} 36. Qh4
{[%clk 00:04:54]} {[%emt 00:00:04]} Rd7 {[%clk 00:06:29]} {[%emt 00:02:08]} 37.
Qe1 {[%clk 00:04:49]} {[%emt 00:00:38]} Qc4 {[%clk 00:05:38]} {[%emt 00:01:21]}
38. Bb4 {[%clk 00:04:39]} {[%emt 00:00:41]} Ra7 {[%clk 00:04:19]} {[%emt
00:01:48]} 39. Rd4 {[%clk 00:03:50]} {[%emt 00:01:19]} Qc6 {[%clk 00:03:17]}
{[%emt 00:01:31]} 40. Qe2 {[%clk 00:03:27]} {[%emt 00:00:54]} Qb6 {[%clk
00:01:00]} {[%emt 00:02:45]} 41. c4 {[%clk 00:00:37]} {[%emt 00:03:23]} Bxf3
{[%clk 00:26:46]} {[%emt 00:04:43]} 42. gxf3 {[%clk 00:29:42]} {[%emt
00:01:25]} Qxb4 {[%clk 00:26:33]} {[%emt 00:00:42]} 43. Qxe6+ {[%clk 00:29:44]}
{[%emt 00:00:30]} Raf7 {[%clk 00:26:18]} {[%emt 00:00:44]} 44. Rd7 {[%clk
00:25:48]} {[%emt 00:04:26]} Qc3 {[%clk 00:22:22]} {[%emt 00:04:26]} 45. R1d3
{[%clk 00:21:45]} {[%emt 00:04:33]} Qf6 {[%clk 00:21:22]} {[%emt 00:01:30]} 46.
Rd8+ {[%clk 00:15:15]} {[%emt 00:07:01]} Kh7 {[%clk 00:21:23]} {[%emt
00:00:28]} 47. Qe8 {[%clk 00:14:22]} {[%emt 00:01:24]} Qe7 {[%clk 00:14:57]}
{[%emt 00:06:52]} 48. Qh8+ {[%clk 00:11:27]} {[%emt 00:03:28]} Kg6 {[%clk
00:15:04]} {[%emt 00:00:16]} 49. Rd1 {[%clk 00:11:38]} {[%emt 00:00:26]} Rf8
{[%clk 00:09:13]} {[%emt 00:06:21]} 50. Rg1+ {[%clk 00:05:15]} {[%emt
00:06:53]} Rg5 {[%clk 00:09:27]} {[%emt 00:00:16]} 1/2-1/2

[Event "DEM U14w 2023"]
[Site "Willingen GER"]
[Date "2023.05.29"]
[Round "3"]
[White "Haug, Mara"]
[Black "Lorenz, Veronika"]
[Result "1/2-1/2"]
[Termination "normal"]
[Board "2"]
[WhiteElo "1754"]
[BlackElo "1584"]
[WhiteClock "00:16:58"]
[BlackClock "00:23:12"]
[PlyCount "123"]
[WhiteFideId "16259300"]
[BlackFideId "16277406"]
[EventCountry "GER"]
[EventRounds "9"]
[EventType "swiss"]
[EventDate "2023.05.27"]

1. e4 {[%clk 01:30:56]} {[%emt 00:00:03]} e5 {[%clk 01:31:00]} {[%emt
00:00:02]} 2. Nc3 {[%clk 01:31:16]} {[%emt 00:00:10]} Nf6 {[%clk 01:31:28]}
{[%emt 00:00:02]} 3. g3 {[%clk 01:31:36]} {[%emt 00:00:09]} d5 {[%clk
01:31:57]} {[%emt 00:00:02]} 4. exd5 {[%clk 01:31:55]} {[%emt 00:00:11]} Nxd5
{[%clk 01:32:25]} {[%emt 00:00:02]} 5. Bg2 {[%clk 01:32:13]} {[%emt 00:00:11]}
Nxc3 {[%clk 01:32:54]} {[%emt 00:00:02]} 6. bxc3 {[%clk 01:32:29]} {[%emt
00:00:13]} Bc5 {[%clk 01:33:15]} {[%emt 00:00:10]} 7. Nf3 {[%clk 01:32:37]}
{[%emt 00:00:22]} Nc6 {[%clk 01:32:08]} {[%emt 00:01:37]} 8. O-O {[%clk
01:32:50]} {[%emt 00:00:16]} O-O {[%clk 01:29:30]} {[%emt 00:03:09]} 9. Rb1
{[%clk 01:32:33]} {[%emt 00:00:47]} Bg4 {[%clk 01:20:34]} {[%emt 00:09:26]} 10.
h3 {[%clk 01:27:34]} {[%emt 00:05:28]} Be6 {[%clk 01:20:38]} {[%emt 00:00:27]}
11. a4 {[%clk 01:15:15]} {[%emt 00:12:49]} e4 {[%clk 01:02:33]} {[%emt
00:18:35]} 12. Ne1 {[%clk 01:04:59]} {[%emt 00:10:45]} f5 {[%clk 00:57:26]}
{[%emt 00:05:38]} 13. d3 {[%clk 01:00:00]} {[%emt 00:05:28]} Qf6 {[%clk
00:36:04]} {[%emt 00:21:52]} 14. Be3 {[%clk 00:55:06]} {[%emt 00:05:24]} Bb6
{[%clk 00:35:27]} {[%emt 00:01:08]} 15. Qd2 {[%clk 00:53:16]} {[%emt 00:02:19]}
Ba5 {[%clk 00:25:32]} {[%emt 00:10:25]} 16. Bg5 {[%clk 00:46:25]} {[%emt
00:07:21]} Bxc3 {[%clk 00:23:31]} {[%emt 00:02:32]} 17. Qf4 {[%clk 00:45:42]}
{[%emt 00:01:11]} Qf7 {[%clk 00:21:42]} {[%emt 00:02:20]} 18. Rxb7 {[%clk
00:37:31]} {[%emt 00:08:41]} Be5 {[%clk 00:10:04]} {[%emt 00:12:08]} 19. Qc1
{[%clk 00:36:21]} {[%emt 00:01:40]} Nd4 {[%clk 00:10:09]} {[%emt 00:00:24]} 20.
Kh2 {[%clk 00:32:33]} {[%emt 00:04:17]} Bd5 {[%clk 00:10:15]} {[%emt 00:00:26]}
21. Rb1 {[%clk 00:31:43]} {[%emt 00:01:21]} Ba2 {[%clk 00:10:32]} {[%emt
00:00:13]} 22. Rb7 {[%clk 00:28:47]} {[%emt 00:03:25]} Qd5 {[%clk 00:10:38]}
{[%emt 00:00:18]} 23. Rb4 {[%clk 00:26:24]} {[%emt 00:02:58]} a5 {[%clk
00:10:47]} {[%emt 00:00:22]} 24. c4 {[%clk 00:23:20]} {[%emt 00:03:34]} Qc6
{[%clk 00:09:22]} {[%emt 00:01:52]} 25. Rb2 {[%clk 00:22:37]} {[%emt 00:01:15]}
Nf3+ {[%clk 00:09:51]} {[%emt 00:00:03]} 26. Nxf3 {[%clk 00:22:05]} {[%emt
00:01:01]} Bxb2 {[%clk 00:10:14]} {[%emt 00:00:08]} 27. Qxb2 {[%clk 00:21:47]}
{[%emt 00:00:47]} exf3 {[%clk 00:10:42]} {[%emt 00:00:02]} 28. Bh1 {[%clk
00:21:56]} {[%emt 00:00:19]} Qxa4 {[%clk 00:07:22]} {[%emt 00:03:53]} 29. Ra1
{[%clk 00:21:28]} {[%emt 00:00:54]} Qb3 {[%clk 00:07:45]} {[%emt 00:00:08]} 30.
Qxa2 {[%clk 00:19:35]} {[%emt 00:02:26]} Qxd3 {[%clk 00:08:07]} {[%emt
00:00:07]} 31. Be3 {[%clk 00:19:15]} {[%emt 00:00:49]} Qe4 {[%clk 00:06:37]}
{[%emt 00:01:57]} 32. Rd1 {[%clk 00:14:59]} {[%emt 00:04:47]} Rf7 {[%clk
00:01:49]} {[%emt 00:05:21]} 33. Rd4 {[%clk 00:14:50]} {[%emt 00:00:37]} Qb7
{[%clk 00:01:32]} {[%emt 00:00:49]} 34. Rd5 {[%clk 00:14:21]} {[%emt 00:00:57]}
c6 {[%clk 00:00:50]} {[%emt 00:01:16]} 35. Rxa5 {[%clk 00:10:46]} {[%emt
00:04:04]} Re8 {[%clk 00:00:43]} {[%emt 00:00:36]} 36. Bxf3 {[%clk 00:09:39]}
{[%emt 00:01:37]} Qc7 {[%clk 00:00:35]} {[%emt 00:00:38]} 37. Ra6 {[%clk
00:08:07]} {[%emt 00:02:04]} Rf6 {[%clk 00:00:32]} {[%emt 00:00:32]} 38. c5+
{[%clk 00:04:16]} {[%emt 00:04:21]} Qf7 {[%emt 00:02:23]} 39. Qxf7+ {[%clk
00:05:55]} {[%emt 00:01:48]} Kxf7 {[%clk 00:00:59]} {[%emt 00:00:02]} 40. Bxc6
{[%clk 00:05:27]} {[%emt 00:00:58]} Rb8 {[%clk 00:00:40]} {[%emt 00:00:48]} 41.
Bd5+ {[%clk 00:04:10]} {[%emt 00:01:47]} Kg6 {[%clk 00:00:55]} {[%emt
00:00:16]} 42. Rxf6+ {[%clk 00:03:24]} {[%emt 00:01:15]} Kxf6 {[%clk 00:01:23]}
{[%emt 00:00:03]} 43. Bd4+ {[%clk 00:02:37]} {[%emt 00:01:10]} Kg6 {[%clk
00:29:28]} {[%emt 00:02:32]} 44. c6 {[%clk 00:27:19]} {[%emt 00:05:49]} Rc8
{[%clk 00:26:42]} {[%emt 00:03:14]} 45. Be5 {[%clk 00:27:27]} {[%emt 00:00:20]}
Rd8 {[%clk 00:27:06]} {[%emt 00:00:09]} 46. c7 {[%clk 00:25:17]} {[%emt
00:02:39]} Rxd5 {[%clk 00:27:34]} {[%emt 00:00:03]} 47. c8=Q {[%clk 00:25:37]}
{[%emt 00:00:10]} Rxe5 {[%clk 00:28:00]} {[%emt 00:00:04]} 48. Kg2 {[%clk
00:25:31]} {[%emt 00:00:35]} Re7 {[%clk 00:27:45]} {[%emt 00:00:45]} 49. Kf3
{[%clk 00:25:25]} {[%emt 00:00:37]} Rf7 {[%clk 00:28:13]} {[%emt 00:00:02]} 50.
Kf4 {[%clk 00:25:01]} {[%emt 00:00:52]} Rf6 {[%clk 00:28:27]} {[%emt 00:00:17]}
51. Qe8+ {[%clk 00:25:00]} {[%emt 00:00:31]} Rf7 {[%clk 00:28:39]} {[%emt
00:00:18]} 52. h4 {[%clk 00:24:36]} {[%emt 00:00:55]} Kf6 {[%clk 00:28:29]}
{[%emt 00:00:39]} 53. h5 {[%clk 00:24:42]} {[%emt 00:00:24]} Re7 {[%clk
00:28:50]} {[%emt 00:00:10]} 54. Qf8+ {[%clk 00:25:03]} {[%emt 00:00:08]} Ke6
{[%clk 00:28:45]} {[%emt 00:00:36]} 55. Qxf5+ {[%clk 00:25:05]} {[%emt
00:00:27]} Kd6 {[%clk 00:29:14]} {[%emt 00:00:02]} 56. Qxh7 {[%clk 00:24:49]}
{[%emt 00:00:46]} g5+ {[%clk 00:29:36]} {[%emt 00:00:08]} 57. Kxg5 {[%clk
00:25:14]} {[%emt 00:00:05]} Rxh7 {[%clk 00:30:01]} {[%emt 00:00:04]} 58. Kg6
{[%clk 00:25:26]} {[%emt 00:00:18]} Re7 {[%clk 00:23:48]} {[%emt 00:06:44]} 59.
f4 {[%clk 00:19:09]} {[%emt 00:06:47]} Re6 {[%clk 00:22:54]} {[%emt 00:01:24]}
60. Kf7 {[%clk 00:17:33]} {[%emt 00:02:02]} Re7+ {[%clk 00:23:06]} {[%emt
00:00:21]} 61. Kf6 {[%clk 00:16:54]} {[%emt 00:01:10]} Re6 {[%clk 00:23:12]}
{[%emt 00:00:24]} 62. Kf7 {[%clk 00:16:58]} {[%emt 00:00:26]} 1/2-1/2